Normal view
MARC view
- Arora B B
Entry Personal Name
001 - CONTROL NUMBER
- control field: 5668
003 - CONTROL NUMBER IDENTIFIER
- control field: OSt
005 - DATE AND TIME OF LATEST TRANSACTION
- control field: 20180131104022.0
008 - FIXED-LENGTH DATA ELEMENTS
- fixed length control field: 180131|| aca||aabn | a|a d
040 ## - CATALOGING SOURCE
- Original cataloging agency: OSt
- Transcribing agency: OSt
100 ## - HEADING--PERSONAL NAME
- Personal name: Arora B B
670 ## - SOURCE DATA FOUND
- Source citation: Work cat.: (OSt): Arora B B, Biology -X NCERT Syllabus, 2008